000 00358nam a2200145Ia 4500
008 191201s2005 xx 000 0 und d
082 _a621.3845
_bKUN
100 _aKUO Franklin F
245 0 _aNetwork Analysis and Synthesis
250 _a2nd
260 _aN.Delhi
_bJohn Willey and Sons
_c2005
300 _a515
650 _aB.Tech(ECE)
942 _2ddc
_cBK
999 _c3213
_d3213